Länder, die den meisten Ingwer produzieren - Statistiken

Allgemein
  • Dieses Quiz wurde 72 mal gespielt
  • Das Durchschnittsergebnis liegt bei 11 aus 20
Antwortstatistiken
1000 Tonnen Land % Korrekt
557 China
97%
1070 Indien
97%
167 Thailand
87%
51 Japan
85%
217 Indonesien
84%
77 Bangladesch
69%
5 Südkorea
67%
14 Malaysia
66%
27 Philippinen
63%
26 Taiwan
60%
280 Nepal
57%
16 Sri Lanka
52%
6 Bhutan
45%
4 Peru
33%
350 Nigeria
31%
11 Äthiopien
21%
92 Kamerun
16%
38 Mali
15%
7 Côte d'Ivoire
12%
8 Fidschi
4%
Keine übereinstimmenden Quizze gefunden
Verteilung der Resultate
Anzahl Personen mit jedem Resultat
Perzentil nach korrekt beantworteten Fragen
Ihre Resultats-Entwicklung
Sie haben dieses Quiz noch nicht gespielt